Đang tải...
Practical benchmarking
| Tác giả chính: | |
|---|---|
| Định dạng: | Printed Book |
| Ngôn ngữ: | Undetermined English |
| Được phát hành: |
London
Kogan Page Limited
1995
|
| Những chủ đề: |
| LEADER | 00536nam a2200181Ia 4500 | ||
|---|---|---|---|
| 008 | 140306s9999 xx 000 0 und d | ||
| 020 | |a 0 7494 2227 0 | ||
| 041 | |a eng | ||
| 082 | |a 658 |b COO/PR | ||
| 100 | |a Cook, Sarah | ||
| 245 | |a Practical benchmarking | ||
| 260 | |a London |b Kogan Page Limited |c 1995 | ||
| 300 | |a 187 | ||
| 365 | |b U.K.P.16.99 | ||
| 650 | |a Benchmarking | ||
| 942 | |2 ddc |c BK | ||
| 999 | |c 178915 |d 178915 | ||
| 952 | |0 0 |1 0 |2 ddc |4 0 |6 658_000000000000000_COO_PR |7 0 |9 183980 |a KAUCBV |b KAUCBV |g 0.00 |o 658 COO/PR |r 2014-03-22 |w 2014-03-22 |y BK | ||